| 000 | 01351nam0a2200325 4500 | ||
|---|---|---|---|
| 001 | RU\NLR\BIBL_A\022705117 | ||
| 005 | 20260322044816.0 | ||
| 010 |
_a978-5-4484-5693-0 _9400 |
||
| 035 | _a(NLR Aleph) 022705117 | ||
| 090 |
_a13635871 _c13635871 |
||
| 100 | _a20260120d2025 u y0rusy50 ca | ||
| 101 | 0 | _arus | |
| 102 | _aRU | ||
| 105 | _ay z 000ay | ||
| 181 | 0 |
_ai _baxxe |
|
| 182 | 0 | _an | |
| 200 | 1 |
_aВкус "изабеллы" _eповести, рассказы _fАлександр Муленко |
|
| 203 |
_aТекст _bвизуальный _cнепосредственный |
||
| 210 |
_aМосква _cВече _d2025 |
||
| 215 |
_a349, [2] с. _d22 |
||
| 225 | 1 | _aУрал-батюшка | |
| 327 | 1 | _aСодерж.: В опасном кулуаре, Сказание об Эльвире-лутчице, Скрап, Правда с неба, Они останутся людьми, Кладбищенский стрелок, Кошерные часы, Вкус "изабеллы", Птицы, прощаясь, летели мимо, Слово Попова - твердое слово | |
| 333 | _a12+ | ||
| 686 | 2 | _aШ6(2=Р)8-44 | |
| 700 | 1 |
_aМуленко _bА. И. _f1951- _gАлександр Иванович |
|
| 942 | _cBOOK | ||
| 980 | _aNB | ||